000 00783nam a2200229 a 4500
001 000019284
003 OSt
005 20200929165955.0
008 100531s1990 cu 000 0 spa d
040 _aDO-SdBNP
_bspa
_cBNPHU
100 1 _aFeria, Lina de,
_941474
245 1 0 _aA mansalva de los años /
_cLina de Feria ; edición Bertha Hernández, prólogo José Prats Sariol.
260 _aLa Habana :
_bUnión de Escritores y Artistas de Cuba,
_c1990.
300 _a170 p. ;
_c19 cm.
490 1 _aConteporáneos
500 _aIncluye datos biográficos de la autora en la contracoportada.
590 _aInventariado, 2020 / DG
700 1 _aHernández, Bertha
_eed.
_941475
700 1 _aPrats Sariol, José
_epról.
_941476
910 _aEn catalogaciòn
942 _2ddc
_cLF1
999 _c18802
_d18802